000 00862nas a2200265 4500
001 BR8205787
003 BR-BrBNA
005 20231205085307.0
007 ta
008 230509b bl.|||p| |||| 00| 00por d
040 _aBR-BrBNA
_bpor
_cBiblioteca Nacional de Agricultura
041 _a(Pt)
072 _aH20
100 1 _aReis, E.M.
245 1 _aEfeito de tratamento de solo com fungicidas sobre a resistencia de plantulas, crescimento, podridao comum das raizes e rendimento de trigo (Triticum aestivum)[Fusarium roseum]
650 _aTRIGO
650 _aPODRIDAO COMUM
650 _aRAIZ
650 _aFUNGICIDA
650 _aDESINFECCAO
650 _aPLANTULA
773 0 _tSumma Phytopathologica (Brazil)
_xISSN 0100-5405
_g(Jan-Apr 1982), v. 8(1-2) p. 107-115
_wBR8205787
909 _a202311
_bLúcia
_c55
_dLúcia Elande
942 _2AGRIS
_n0
_cANA
999 _c110528
_d110528